| 000 | 00731nam a22002297a 4500 | ||
|---|---|---|---|
| 001 | 10605 | ||
| 003 | BD-RjUL | ||
| 005 | 20211208235002.0 | ||
| 008 | 140125s1969 -us||||| |||| 00| 0 eng d | ||
| 035 | _a(BD-RjUL)10653 | ||
| 040 |
_aBD-RjUL _beng _cBD-RjUL _dBD-RjUL |
||
| 041 | _aeng | ||
| 082 | 0 | 4 |
_223 _a330 _bFOA 1969 |
| 100 | 1 |
_aForbush, Dascomb Ramsey _9232887 |
|
| 245 | 1 | 0 |
_aAnswers to problems and cases in the study guide to accompany Lipsey & Steiner: _b Economics / _cDascomb R. Forbush , Dorothy Forbush |
| 250 | _a2nd ed. | ||
| 260 |
_aNew York : _bHarper & Row, Publishers _c1969 |
||
| 300 |
_a45p. ; _c24 cm. |
||
| 650 |
_aEconomics _9232888 |
||
| 700 |
_aForbush, Dorothy, jt. auth. _9232962 |
||
| 942 |
_2ddc _cRAR |
||
| 999 |
_c10605 _d10605 |
||